| 000 | 00000nam 2200000zi 4500 |
| 001 | 9.952386 |
| 003 | CaOODSP |
| 005 | 20250821140213 |
| 006 | m o d f |
| 007 | cr cn||||||||| |
| 008 | 250613e202507##nscabd ob f000 0 fre d |
| 020 | |a9780660778488 |
| 040 | |aCaOODSP|bfre|erda|cCaOODSP |
| 043 | |an-cn-nk |
| 086 | 1 |aFs70-6/2025-035F-PDF |
| 245 | 00|aEstimation de l'abondance et analyse génétique de l'éperlan arc-en-ciel (Osmerus mordax) dans la décharge du Lac Mill, Population d'individus de grande taille du Lac Utopia, 2023. |
| 246 | 17|aEstimation de l'abondance et analyse génétique de l'éperlan arc-en-ciel, population d'individus de grande taille du lac Utopia |
| 264 | 1|aDartmouth (Nouvelle-Écosse) : |bSecrétariat canadien des avis scientifiques : |bInstitut océanographique de Bedford : |bPêches et océans Canada, Region des Maritimes, Centre des avis scientifiques, |cjuillet 2025. |
| 264 | 4|c©2025 |
| 300 | |a1 ressource en ligne (25 pages) : |billustrations, cartes, graphiques. |
| 336 | |atexte|btxt|2rdacontent/fre |
| 337 | |ainformatique|bc|2rdamedia/fre |
| 338 | |aressource en ligne|bcr|2rdacarrier/fre |
| 490 | 1 |aAvis scientifique, |x1919-5117 ; |v2025/035 |
| 500 | |aTitre de départ. |
| 500 | |aPublié aussi en anglais sous le titre : Abundance estimates and genetic analysis of the large-bodied population of Lake Utopia Rainbow Smelt (Osmerus mordax) in Mill Lake Stream, 2023. |
| 504 | |aComprend des références bibliographiques (pages 17-19). |
| 520 | |a« Le lac Utopia fait partie du bassin hydrographique de la rivière Magaguadavic, dans le sud-ouest du Nouveau-Brunswick. L'éperlan arc-en-ciel indigène (Osmerus mordax) qui habite le lac Utopia se divise en deux populations sympatriques qui diffèrent sur les plans morphologique, écologique et génétique : une population d'individus de petite taille et une population d'individus de grande taille » -- Contexte, pages [1]-2. |
| 650 | 6|aÉperlan arc-en-ciel|xAnalyse de viabilité des populations|zNouveau-Brunswick. |
| 650 | 6|aÉperlan arc-en-ciel|zNouveau-Brunswick|xGénétique. |
| 710 | 2 |aSecrétariat canadien de consultation scientifique, |eorganisme de publication. |
| 710 | 1 |aCanada. |bMinistère des pêches et des océans. |bRégion des Maritimes, |eorganisme de publication. |
| 710 | 2 |aInstitut océanographique de Bedford, |eorganisme de publication. |
| 775 | 08|tAbundance estimates and genetic analysis of the large-bodied population of Lake Utopia Rainbow Smelt (Osmerus mordax) in Mill Lake Stream, 2023.|w(CaOODSP)9.952385 |
| 830 | #0|aAvis scientifique (Secrétariat canadien de consultation scientifique)|x1919-5117 ; |v2025/035.|w(CaOODSP)9.502624 |
| 856 | 40|qPDF|s951 Ko|uhttps://publications.gc.ca/collections/collection_2025/mpo-dfo/fs70-6/Fs70-6-2025-035-fra.pdf |